[Event "Florianopolis op 6th"]
[Site "Florianopolis"]
[Date "2020.01.25"]
[Round "8"]
[White "De Souza, Augusto Felipe Mour"]
[Black "Moyses Sobrinho, Elias"]
[Result "1-0"]
[WhiteElo "1500"]
[BlackElo "1926"]
[PlyCount "141"]
[EventDate "2020.01.20"]
[EventType "swiss"]
[EventRounds "10"]
[EventCountry "BRA"]
[SourceTitle "CBM 194 Extra"]
[Source "ChessBase"]
[SourceDate "2020.03.31"]
[SourceVersion "1"]
[SourceVersionDate "2020.03.31"]
[SourceQuality "1"]

1. e4 d5 2. exd5 Nf6 3. d4 Nxd5 4. c4 Nf6 5. Nc3 Bf5 6. Bf4 e6 7. Nge2 Bd6 8. g3 Nc6 9. Bg2 Bxf4 10. Bxc6+ bxc6 11. Nxf4 0-0 12. 0-0 Qd6 13. Qd2 Rfd8 14. Rad1 Qb4 15. b3 e5 16. Nfe2 exd4 17. Nxd4 c5 18. Nd5 Qxd2 19. Rxd2 Bh3 20. Nc6 Rd6 21. Rfd1 Ne4 22. Rd3 Kf8 23. Nxc7 Rxd3 24. Rxd3 Rc8 25. f3 Nf6 26. Rd8+ Rxd8 27. Nxd8 Bf5 28. Nb7 Nd7 29. Nd5 Bb1 30. a3 Bc2 31. b4 cxb4 32. axb4 Ne5 33. Ne3 Nxf3+ 34. Kf2 Be4 35. Nd6 Ba8 36. Nb5 Ne5 37. Ke2 a6 38. Nc7 Bb7 39. c5 Ke7 40. Ncd5+ Kd7 41. Nb6+ Kc6 42. Nf5 g6 43. Nd6 f5 44. Nxb7 Kxb7 45. h3 Kc6 46. Ke3 Kb5 47. Nd5 Nc6 48. Kd3 a5 49. bxa5 Nxa5 50. Nf6 Kxc5 51. Nxh7 Kd5 52. Nf8 g5 53. Nh7 f4 54. g4 Nc6 55. Nxg5 Nd4 56. h4 Nc6 57. Nf3 Nd8 58. h5 Nf7 59. g5 Nd6 60. h6 Nf7 61. h7 Nh8 62. Nh4 Ke6 63. Ke4 Kf7 64. Kxf4 Kg7 65. Kf5 Kxh7 66. Kf6 Kg8 67. Ng6 Nf7 68. Ne7+ Kf8 69. g6 Nh6 70. g7+ Ke8 71. Kg6 1-0

[Event "BRA-ch U16"]
[Site "Itajai"]
[Date "2017.06.01"]
[Round "1"]
[White "Labussiere, Victor"]
[Black "De Souza, Augusto Felipe Mour"]
[Result "1-0"]
[WhiteElo "1864"]
[BlackElo "1800"]
[PlyCount "91"]
[EventDate "2017.06.01"]
[EventType "swiss"]
[EventRounds "6"]
[EventCountry "BRA"]
[SourceTitle "CBM 179 Extra"]
[Source "ChessBase"]
[SourceDate "2017.08.23"]
[SourceVersion "1"]
[SourceVersionDate "2017.08.23"]
[SourceQuality "1"]

1. d4 e6 2. c4 d5 3. Nc3 Nf6 4. cxd5 Nxd5 5. e4 Nxc3 6. bxc3 c5 7. Nf3 Nc6 8. Be2 Be7 9. 0-0 0-0 10. Be3 b6 11. Qd2 f6 12. Rfd1 Bb7 13. Bc4 Qd7 14. dxc5 Qxd2 15. Bxe6+ Kh8 16. Rxd2 Bxc5 17. Bxc5 bxc5 18. Bd5 Rfd8 19. Rad1 Na5 20. Bxb7 Nxb7 21. Kf1 Re8 22. Re2 Rad8 23. Rxd8 Nxd8 24. Rd2 Nc6 25. Rd6 Rc8 26. Nd2 Ne5 27. h3 h6 28. f4 Ng6 29. g3 Rc7 30. e5 Rf7 31. exf6 gxf6 32. Ne4 c4 33. Rxf6 Rxf6 34. Nxf6 Ne7 35. Ke2 Nf5 36. g4 Ne7 37. Ke3 Kg7 38. Nh5+ Kf7 39. Kd4 Nc8 40. Kxc4 Nd6+ 41. Kd5 Nb5 42. c4 Nc3+ 43. Kd6 Nxa2 44. c5 Nb4 45. c6 Na6 46. Ng3 1-0